[Event "Titled Tue 10th Jun Early"]
[Site "chess.com INT"]
[Date "2025.06.10"]
[Round "2"]
[White "Le, Tuan Minh"]
[Black "Diao, Matthew Guo"]
[Result "1-0"]
[WhiteTitle "GM"]
[BlackTitle "CM"]
[WhiteElo "2598"]
[BlackElo "2244"]
[WhiteFideId "12401153"]
[BlackFideId "30970547"]
[EventDate "2025.06.10"]

1. d4 d5 2. Nf3 Nf6 3. Bf4 c5 4. c3 Nc6 5. e3 Qb6 6. Qc2 g6 7. Nbd2 Bg7 8. h3
O-O 9. Be2 Nd7 10. O-O e5 11. dxe5 Ndxe5 12. Nxe5 Nxe5 13. Nf3 Bf5 14. Qb3 Qxb3
15. axb3 Nc6 16. Bd6 b6 17. Bxf8 Kxf8 18. Rfd1 Rd8 19. Ra6 Bc8 20. Ra4 a5 21.
Rd2 Ke7 22. h4 Bg4 23. Rxg4 1-0

[Event "Titled Tue 10th Jun Early"]
[Site "chess.com INT"]
[Date "2025.06.10"]
[Round "2"]
[White "Grover, Sahaj"]
[Black "Sanhueza, Cristian"]
[Result "0-1"]
[WhiteTitle "GM"]
[BlackTitle "FM"]
[WhiteElo "2465"]
[BlackElo "2213"]
[WhiteFideId "5021103"]
[BlackFideId "116815"]
[EventDate "2025.06.10"]

1. e4 e5 2. Nf3 Nc6 3. Bb5 a6 4. Ba4 Nf6 5. Qe2 b5 6. Bb3 Be7 7. O-O O-O 8. c3
d5 9. d3 h6 10. Nbd2 Re8 11. a3 Be6 12. Rd1 Qd7 13. Ba2 Rad8 14. exd5 Bxd5 15.
Nxe5 Nxe5 16. Qxe5 Bxa2 17. Rxa2 Qxd3 18. Qg3 Qc2 19. Re1 Bd6 20. f4 Rxe1+ 21.
Qxe1 Bxf4 0-1

[Event "Titled Tue 10th Jun Early"]
[Site "chess.com INT"]
[Date "2025.06.10"]
[Round "2"]
[White "Fofanov, Ilia"]
[Black "Liubarov, Mark"]
[Result "0-1"]
[WhiteTitle "CM"]
[BlackTitle "FM"]
[WhiteElo "2182"]
[BlackElo "2331"]
[WhiteFideId "4158962"]
[BlackFideId "4142110"]
[EventDate "2025.06.10"]

1. e4 c6 2. c4 d5 3. exd5 cxd5 4. cxd5 Nf6 5. Nc3 Nxd5 6. Nf3 Nc6 7. Bb5 e6 8.
O-O Be7 9. Ne5 Qc7 10. d4 O-O 11. Nxd5 exd5 12. Bf4 Qb6 13. Bxc6 bxc6 14. Qc2 c5
15. dxc5 Qxc5 16. Qxc5 Bxc5 17. Rac1 Bb6 18. Rfd1 Be6 19. Nc6 Rfe8 20. Bd6 h6
21. Ne7+ Kh7 0-1

[Event "Titled Tue 10th Jun Early"]
[Site "chess.com INT"]
[Date "2025.06.10"]
[Round "2"]
[White "Mihajlovskij, Sergei"]
[Black "Deng, Henry"]
[Result "0-1"]
[BlackTitle "FM"]
[WhiteElo "2292"]
[BlackElo "2327"]
[WhiteFideId "13500805"]
[BlackFideId "30965454"]
[EventDate "2025.06.10"]

1. e4 c5 2. Nf3 e6 3. d4 cxd4 4. Nxd4 Nf6 5. Nc3 Nc6 6. Nxc6 bxc6 7. e5 Nd5 8.
Ne4 Bb7 9. Be2 c5 10. O-O Qc7 11. Nd6+ Bxd6 12. exd6 Qc6 13. c4 Nc3 14. Bf3 Qxf3
15. Qxf3 Bxf3 16. gxf3 Ne2+ 17. Kg2 Nd4 18. Be3 Nc2 19. Rac1 Nxe3+ 20. fxe3 f6
21. Rb1 Rb8 22. b3 Kf7 23. a3 Rb6 24. Rb2 Rhb8 25. Rfb1 Rxd6 26. b4 cxb4 27.
axb4 Rc6 28. c5 d6 29. cxd6 Rxd6 30. Ra2 Rd7 31. b5 Rb6 32. Ra6 Rdb7 33. Rba1
Rxb5 34. Rxa7 h5 35. h4 Kg6 36. Kg3 Kh6 37. Ra8 Rb2 38. Rh8+ Kg6 39. Ra5 e5 40.
Rg8 Re2 41. f4 Rxe3+ 42. Kf2 exf4 43. Rh8 Rb2+ 44. Kf1 Rh3 45. Raxh5 Rh1# 0-1

[Event "Titled Tue 10th Jun Early"]
[Site "chess.com INT"]
[Date "2025.06.10"]
[Round "2"]
[White "Cornelisse, Lorelei"]
[Black "Jonnalagadda, Vishnusankar"]
[Result "1-0"]
[WhiteTitle "WFM"]
[WhiteElo "2138"]
[BlackElo "2047"]
[WhiteFideId "1087177"]
[BlackFideId "39900100"]
[EventDate "2025.06.10"]

1. d4 d5 2. Nc3 e6 3. Bf4 Nf6 4. Nb5 Na6 5. e3 c6 6. Nc3 Nc7 7. Nf3 Bd6 8. Ne5
O-O 9. Bd3 a6 10. h4 c5 11. dxc5 Bxc5 12. h5 Nd7 13. h6 g6 14. Qf3 Ne8 15. O-O-O
Qa5 16. Kb1 b5 17. Nc6 Qb6 18. Ne5 Nd6 19. Nxd7 Bxd7 20. Bxd6 Bxd6 21. Qf6 1-0

[Event "Titled Tue 10th Jun Early"]
[Site "chess.com INT"]
[Date "2025.06.10"]
[Round "2"]
[White "Arkell, Keith C"]
[Black "Rustamov, Rustam"]
[Result "0-1"]
[WhiteTitle "GM"]
[BlackTitle "FM"]
[WhiteElo "2343"]
[BlackElo "2334"]
[WhiteFideId "400270"]
[BlackFideId "13440110"]
[EventDate "2025.06.10"]

1. d4 Nf6 2. Nf3 e6 3. c4 d5 4. cxd5 exd5 5. Nc3 Bb4 6. Qa4+ Nc6 7. Bg5 h6 8.
Bxf6 Qxf6 9. e3 O-O 10. Be2 Bd7 11. O-O Bxc3 12. bxc3 Qd6 13. Rab1 Rab8 14. Qc2
Ne7 15. c4 c6 16. Rfc1 Be6 17. h3 Rfd8 18. Ne5 f6 19. Ng6 Nxg6 20. Qxg6 Bf7 21.
Qf5 g6 22. Qf4 Qxf4 23. exf4 dxc4 24. Bxc4 Rd6 25. Bxf7+ Kxf7 26. Rc4 Ke7 27.
Kf1 Kd7 28. Ke2 b5 29. a4 Re8+ 0-1

[Event "Titled Tue 10th Jun Early"]
[Site "chess.com INT"]
[Date "2025.06.10"]
[Round "2"]
[White "Koridze, Lile"]
[Black "Principe, Gerson"]
[Result "0-1"]
[WhiteTitle "WFM"]
[BlackTitle "FM"]
[WhiteElo "2110"]
[BlackElo "2176"]
[WhiteFideId "13612514"]
[BlackFideId "3804550"]
[EventDate "2025.06.10"]

1. d4 Nf6 2. c4 e6 3. Nf3 b6 4. g3 Bb7 5. Bg2 Be7 6. O-O O-O 7. Nc3 Ne4 8. Bd2
f5 9. d5 Bf6 10. Rc1 Na6 11. a3 Nac5 12. Qc2 Nxc3 13. Bxc3 Bxc3 14. Qxc3 exd5
15. Nd4 Ne4 16. Qc2 c5 17. Nxf5 Rxf5 18. cxd5 Nd6 19. e4 Rf8 20. e5 Nf5 21. Be4
Nd4 22. Qc4 Kh8 23. b4 Rc8 24. bxc5 bxc5 25. f4 Qa5 26. Rfd1 Ba6 0-1

[Event "Titled Tue 10th Jun Early"]
[Site "chess.com INT"]
[Date "2025.06.10"]
[Round "2"]
[White "Suleimen, Ergali"]
[Black "Eliseev, Sergey"]
[Result "1-0"]
[WhiteTitle "FM"]
[BlackTitle "FM"]
[WhiteElo "2302"]
[BlackElo "2254"]
[WhiteFideId "13724452"]
[BlackFideId "1534734"]
[EventDate "2025.06.10"]

1. e4 c5 2. Nf3 d6 3. d4 cxd4 4. Nxd4 Nf6 5. Nc3 a6 6. Be3 e5 7. Nb3 Be6 8. h3
Be7 9. g4 h6 10. Qf3 Nbd7 11. O-O-O Rc8 12. Nd5 Bxd5 13. exd5 Qc7 14. c3 b5 15.
Kb1 Nb6 16. h4 h5 17. g5 Ng4 18. Bc1 1-0

[Event "Titled Tue 10th Jun Early"]
[Site "chess.com INT"]
[Date "2025.06.10"]
[Round "2"]
[White "Miranda Samudio, Adrian Jafeth"]
[Black "Matskevich, Varvara"]
[Result "1-0"]
[WhiteTitle "CM"]
[BlackTitle "WFM"]
[WhiteElo "1902"]
[BlackElo "1911"]
[WhiteFideId "6611044"]
[BlackFideId "13523465"]
[EventDate "2025.06.10"]

1. e4 c5 2. Nf3 d6 3. d4 cxd4 4. Nxd4 Nf6 5. f3 a6 6. c4 e5 7. Nc2 Be7 8. Nc3
Be6 9. Be3 Nbd7 10. Qd2 Qc7 11. Nd5 Bxd5 12. cxd5 b5 13. Nb4 Nb8 14. Rc1 Qb7 15.
Be2 O-O 16. O-O Re8 17. Bd3 a5 18. Nc6 Nxc6 19. dxc6 Qb8 20. Qe2 b4 21. b3 Qc7
22. Bb5 Bf8 23. Rfd1 Rab8 24. Ba4 h6 25. Qa6 Red8 26. Qa7 Qxa7 27. Bxa7 Ra8 28.
Bb6 Rdc8 29. c7 Ra6 30. Bf2 Be7 31. Bb5 Raa8 32. Bc6 1-0

[Event "Titled Tue 10th Jun Early"]
[Site "chess.com INT"]
[Date "2025.06.10"]
[Round "2"]
[White "Lyakh, Vasiliy"]
[Black "So, Wesley"]
[Result "0-1"]
[BlackTitle "GM"]
[WhiteElo "2123"]
[BlackElo "2745"]
[WhiteFideId "14189828"]
[BlackFideId "5202213"]
[EventDate "2025.06.10"]

1. d4 Nf6 2. c4 c6 3. Nc3 d5 4. Nf3 a6 5. c5 Bf5 6. Bf4 Nbd7 7. e3 Nh5 8. Bd3
Nxf4 9. exf4 Bg4 10. h3 Bxf3 11. Qxf3 g6 12. f5 Bg7 13. Qe3 b6 14. cxb6 Qxb6 15.
O-O Qxd4 16. Qe2 Qe5 17. Qf3 O-O 18. Rfe1 Qd6 19. Bc2 Rab8 20. Rab1 a5 21. Qe2
Bf6 22. Bb3 Nc5 23. Rbd1 Kg7 24. Rd2 gxf5 25. Bd1 e6 26. Qf3 Rg8 27. Ne2 Rxb2
28. Rxb2 Bxb2 29. Bc2 Kh8 30. Ng3 Bd4 31. Rd1 Rxg3 0-1

[Event "Titled Tue 10th Jun Early"]
[Site "chess.com INT"]
[Date "2025.06.10"]
[Round "2"]
[White "Naroditsky, Daniel"]
[Black "Pham, Le Thao Nguyen"]
[Result "1-0"]
[WhiteTitle "GM"]
[BlackTitle "IM"]
[WhiteElo "2619"]
[BlackElo "2357"]
[WhiteFideId "2026961"]
[BlackFideId "12401226"]
[EventDate "2025.06.10"]

1. Nf3 d5 2. c4 e6 3. g3 Nf6 4. Bg2 Be7 5. O-O O-O 6. d3 c5 7. Nc3 Nc6 8. Bf4 b6
9. cxd5 exd5 10. Ne5 Nxe5 11. Bxe5 Be6 12. d4 c4 13. a4 a6 14. b3 Rc8 15. bxc4
Rxc4 16. Qb3 Rb4 17. Qa2 Ne4 18. Nxe4 dxe4 19. Qc2 f6 20. Bf4 f5 21. e3 Bc4 22.
Rfc1 Qd5 23. Bf1 Rc8 24. Qd1 Rc6 25. Bxc4 Rbxc4 26. Rxc4 Rxc4 27. Rb1 Bb4 28.
Qh5 Qf7 29. Qe2 Qd5 30. h4 a5 31. Kh2 Qc6 32. Rd1 Rc2 33. d5 Rxe2 34. dxc6 Rxf2+
35. Kh3 Rc2 36. c7 Kf7 37. Rd8 1-0

[Event "Titled Tue 10th Jun Early"]
[Site "chess.com INT"]
[Date "2025.06.10"]
[Round "2"]
[White "Cuellar Montes, Alejandro"]
[Black "Azizoglu, Ferzan"]
[Result "0-1"]
[WhiteTitle "CM"]
[WhiteElo "2173"]
[BlackElo "2055"]
[WhiteFideId "32096836"]
[BlackFideId "6302726"]
[EventDate "2025.06.10"]

1. d4 Nf6 2. c4 g6 3. Nc3 Bg7 4. e4 d6 5. f4 O-O 6. Nf3 Na6 7. e5 Nd7 8. Be3 c5
9. exd6 exd6 10. d5 Re8 11. Kf2 Nf6 12. h3 Bg4 13. a3 Nc7 14. Bd3 b5 15. cxb5
Ncxd5 16. Nxd5 Nxd5 17. Re1 Nxe3 18. Rxe3 Bd4 19. hxg4 Rxe3 20. Kg3 Bxb2 21. Rb1
Bg7 22. Bc4 Qe7 23. Qd5 Rf8 24. Rc1 Rxa3 25. Kh2 Qe3 26. Rf1 Qxf4+ 27. Kh1 Qxg4
28. Ng5 Qh4+ 29. Nh3 Rxh3+ 30. gxh3 Qxh3+ 31. Kg1 Bd4+ 32. Rf2 Qg3+ 0-1

[Event "Titled Tue 10th Jun Early"]
[Site "chess.com INT"]
[Date "2025.06.10"]
[Round "2"]
[White "Luong Phuong Hanh"]
[Black "Dragnev, Valentin"]
[Result "0-1"]
[WhiteTitle "WIM"]
[BlackTitle "GM"]
[WhiteElo "2121"]
[BlackElo "2547"]
[WhiteFideId "12401013"]
[BlackFideId "1634852"]
[EventDate "2025.06.10"]

1. d4 d5 2. c4 e6 3. Nf3 c5 4. cxd5 exd5 5. e3 Nf6 6. Nc3 Nc6 7. Bb5 cxd4 8.
Nxd4 Bd7 9. O-O Bd6 10. h3 a6 11. Be2 O-O 12. Bf3 Be6 13. Qb3 Nxd4 14. exd4 Qd7
15. Bg5 Ne4 16. Bxe4 dxe4 17. d5 Bf5 18. Rfe1 Rae8 19. Qc4 h6 20. Bh4 b5 21. Qe2
b4 22. Nd1 Bxh3 23. Ne3 Bf5 24. Qxa6 Bh7 25. Rac1 Be5 26. Qe2 f5 27. Red1 g5 28.
Rc6 gxh4 29. Rxh6 f4 30. Nc4 f3 31. Qe3 Bf4 0-1

[Event "Titled Tue 10th Jun Early"]
[Site "chess.com INT"]
[Date "2025.06.10"]
[Round "2"]
[White "Chernyavsky, Alexander"]
[Black "Cordoba Roa, Angel Gabriel"]
[Result "0-1"]
[WhiteTitle "FM"]
[BlackTitle "FM"]
[WhiteElo "2332"]
[BlackElo "2396"]
[WhiteFideId "24131156"]
[BlackFideId "3957624"]
[EventDate "2025.06.10"]

1. d4 Nf6 2. c4 e6 3. Nc3 Bb4 4. e3 O-O 5. Ne2 Re8 6. a3 Bf8 7. Ng3 c5 8. d5 d6
9. dxe6 Bxe6 10. Be2 Nc6 11. O-O d5 12. cxd5 Nxd5 13. Nxd5 Bxd5 14. Qc2 Qf6 15.
Rd1 Rad8 16. Bd2 Qe6 17. Qc1 Bb3 18. Re1 Ne5 19. Bc3 Nd3 20. Bxd3 Rxd3 21. e4
Red8 22. Qg5 h6 23. Qf4 g6 24. h4 Bd6 25. Qxh6 Rxc3 26. bxc3 Be5 27. Re3 Qd6 28.
Ne2 Qd1+ 29. Rxd1 Rxd1# 0-1

[Event "Titled Tue 10th Jun Early"]
[Site "chess.com INT"]
[Date "2025.06.10"]
[Round "2"]
[White "Li, Hui"]
[Black "Golubovskis, Maksims"]
[Result "1-0"]
[WhiteTitle "CM"]
[BlackTitle "FM"]
[WhiteElo "2041"]
[BlackElo "2228"]
[WhiteFideId "15400310"]
[BlackFideId "11608528"]
[EventDate "2025.06.10"]

1. e4 c5 2. Nf3 d6 3. d4 cxd4 4. Nxd4 Nf6 5. Nc3 a6 6. Be2 e5 7. Nb3 Be7 8. O-O
Be6 9. Be3 Nbd7 10. a4 Qc7 11. a5 Rc8 12. Qd2 O-O 13. Rfd1 Ne8 14. Qe1 f5 15.
exf5 Bxf5 16. Nd5 Qd8 17. Bd3 Rxc2 18. Bxc2 Bxc2 19. Qb4 Bxd1 20. Rxd1 Nc5 21.
Nxc5 dxc5 22. Nxe7+ Qxe7 23. Bxc5 Qf6 24. Bxf8 Qxf8 25. Qxf8+ Kxf8 26. Rd7 h6
27. Rxb7 Nd6 28. Rb6 Nc4 29. Rxa6 Nxb2 30. Ra7 Nc4 31. a6 g5 32. Rb7 Nd6 33.
Rb8+ Ke7 34. a7 e4 35. a8=Q Ke6 36. Qc6 e3 37. fxe3 g4 38. Rd8 g3 39. Qxd6+ Kf5
40. Qf4+ Ke6 41. Rd6+ Ke7 42. Qf6+ Ke8 43. Rd8# 1-0

[Event "Titled Tue 10th Jun Early"]
[Site "chess.com INT"]
[Date "2025.06.10"]
[Round "2"]
[White "Marichal Gonzalez, Ariel"]
[Black "Loskutova, Viktoriya"]
[Result "1-0"]
[WhiteTitle "IM"]
[BlackTitle "WFM"]
[WhiteElo "2268"]
[BlackElo "2092"]
[WhiteFideId "3503232"]
[BlackFideId "34166278"]
[EventDate "2025.06.10"]

1. d4 Nf6 2. c4 g6 3. Nc3 Bg7 4. e4 d6 5. h3 O-O 6. Nf3 e5 7. d5 Nh5 8. g3 f5 9.
exf5 gxf5 10. Ng5 Nf6 11. g4 Na6 12. gxf5 Bxf5 13. Bd3 e4 14. Be2 Nc5 15. Be3
Nfd7 16. Rg1 Qe7 17. Qd2 Nd3+ 18. Bxd3 exd3 19. O-O-O Ne5 20. Ne6 Bxe6 21. dxe6
Nf3 22. Qxd3 Nxg1 23. Rxg1 Kh8 24. Nd5 Qxe6 25. Nxc7 Qe5 26. Rxg7 Rf3 1-0

[Event "Titled Tue 10th Jun Early"]
[Site "chess.com INT"]
[Date "2025.06.10"]
[Round "2"]
[White "Carlsen, Magnus"]
[Black "Moosavifar, Seyed Abolfazl"]
[Result "1-0"]
[WhiteTitle "GM"]
[BlackTitle "FM"]
[WhiteElo "2837"]
[BlackElo "2303"]
[WhiteFideId "1503014"]
[BlackFideId "42548195"]
[EventDate "2025.06.10"]

1. e4 e5 2. Bc4 Nf6 3. d3 c6 4. Qe2 Be7 5. Bb3 O-O 6. f4 exf4 7. Bxf4 d5 8. e5
Nfd7 9. d4 Re8 10. Nf3 f6 11. O-O fxe5 12. dxe5 Nf8 13. c4 dxc4 14. Bxc4+ Be6
15. Nc3 Kh8 16. Rad1 Qb6+ 17. Kh1 Qc5 18. Bxe6 Nxe6 19. Be3 Qa5 20. Qc4 Bf8 21.
Ne4 h6 22. Nh4 Na6 23. Ng6+ Kh7 24. Qc2 Kg8 25. Nf6+ gxf6 26. exf6 Qh5 27. f7+
Kg7 28. fxe8=Q Rxe8 29. Rd7+ Kg8 30. Nf4 Nxf4 31. Qh7# 1-0

[Event "Titled Tue 10th Jun Early"]
[Site "chess.com INT"]
[Date "2025.06.10"]
[Round "2"]
[White "Vifleemskaia, Svetlana"]
[Black "Lau, Lut Yin Luke"]
[Result "0-1"]
[WhiteTitle "WFM"]
[BlackTitle "CM"]
[WhiteElo "1942"]
[BlackElo "2243"]
[WhiteFideId "4129490"]
[BlackFideId "6002226"]
[EventDate "2025.06.10"]

1. d4 d6 2. c4 e5 3. dxe5 dxe5 4. Qxd8+ Kxd8 5. Nc3 c6 6. f4 Nd7 7. fxe5 Nxe5 8.
e4 Nf6 9. Nf3 Bd6 10. Bg5 Ke7 11. O-O-O Be6 12. c5 Bc7 13. Bf4 Nd3+ 14. Bxd3
Bxf4+ 15. Kb1 Rad8 16. Rhe1 Bc7 17. Ng5 Bg4 18. Nf3 Nd7 19. h3 Bxf3 20. gxf3
Nxc5 21. Bc2 Ne6 22. Rg1 g6 23. Bb3 Nf4 24. h4 Be5 25. Rg4 Rxd1+ 26. Nxd1 Rd8
27. Ne3 b5 28. Kc2 a5 29. a3 Ne2 30. Ba2 Nd4+ 31. Kc1 Nxf3 32. Rg2 Bf4 0-1

[Event "Titled Tue 10th Jun Early"]
[Site "chess.com INT"]
[Date "2025.06.10"]
[Round "2"]
[White "Jimenez Fernandez, Rebeca"]
[Black "Ooi, Zhi Yang"]
[Result "1-0"]
[WhiteTitle "WFM"]
[BlackTitle "IM"]
[WhiteElo "2154"]
[BlackElo "2059"]
[WhiteFideId "32070934"]
[BlackFideId "5709270"]
[EventDate "2025.06.10"]

1. d4 d5 2. c4 c6 3. Nf3 Nf6 4. Nc3 dxc4 5. a4 Bf5 6. e3 e6 7. Bxc4 Bb4 8. O-O
O-O 9. Nh4 Bg4 10. Qb3 Qe7 11. f3 Bh5 12. e4 e5 13. Nf5 Qc7 14. Qxb4 exd4 15.
Ne2 c5 16. Qb3 Nc6 17. Bf4 Qd7 18. Rad1 a6 19. Qd3 Rfe8 20. Neg3 Bg6 21. Bg5 Nb4
22. Qb3 b5 23. axb5 axb5 24. Be2 Nh5 25. Nxh5 Bxh5 26. Nxd4 Qa7 27. Nxb5 Qb6 28.
Nd6 h6 29. Be3 Qc6 1-0

[Event "Titled Tue 10th Jun Early"]
[Site "chess.com INT"]
[Date "2025.06.10"]
[Round "2"]
[White "Jimenez Salas, Maria Teresa"]
[Black "Winkels, Marcel"]
[Result "1-0"]
[WhiteTitle "WIM"]
[BlackTitle "CM"]
[WhiteElo "2170"]
[BlackElo "1905"]
[WhiteFideId "3843866"]
[BlackFideId "1003887"]
[EventDate "2025.06.10"]

1. e4 c5 2. Nf3 d6 3. d4 cxd4 4. Nxd4 Nf6 5. f3 d5 6. e5 Ng8 7. Bb5+ Bd7 8. Bd3
e6 9. Be3 Nc6 10. f4 Qb6 11. Bb5 Bc5 12. Bxc6 bxc6 13. b3 Ne7 14. O-O Nf5 15.
Nxf5 Bxe3+ 16. Nxe3 Qxe3+ 17. Kh1 O-O 18. Qd2 Qb6 19. Nc3 c5 20. Rf3 Rac8 21.
Rh3 g6 22. f5 gxf5 23. Qg5+ Kh8 24. Qf6+ Kg8 25. Rg3# 1-0

[Event "Titled Tue 10th Jun Early"]
[Site "chess.com INT"]
[Date "2025.06.10"]
[Round "2"]
[White "Atis, Hasan"]
[Black "Schut, Han"]
[Result "1-0"]
[WhiteTitle "CM"]
[BlackTitle "CM"]
[WhiteElo "2089"]
[BlackElo "2088"]
[WhiteFideId "44598017"]
[BlackFideId "1005561"]
[EventDate "2025.06.10"]

1. e4 c5 2. Nf3 d6 3. d4 cxd4 4. Nxd4 Nf6 5. Nc3 a6 6. Be3 e5 7. Nf3 Qc7 8. a4
Be7 9. a5 Be6 10. Nd5 Nxd5 11. exd5 Bg4 12. Be2 Nd7 13. O-O f5 14. c4 Rc8 15. b4
O-O 16. Rc1 Bxf3 17. Bxf3 e4 18. Be2 f4 19. Bd4 Bf6 20. Bg4 Bxd4 21. Qxd4 Ne5
22. Bxc8 Qxc8 23. Qxe4 f3 24. c5 fxg2 25. Kxg2 Rf3 26. cxd6 Qh3+ 27. Kh1 Nd3 28.
Qe8+ Rf8 29. Qe6+ Qxe6 30. dxe6 1-0

[Event "Titled Tue 10th Jun Early"]
[Site "chess.com INT"]
[Date "2025.06.10"]
[Round "2"]
[White "Bezerra, Flavio Rodrigo Costa"]
[Black "Allahverdiyeva, Ayan"]
[Result "0-1"]
[BlackTitle "WIM"]
[WhiteElo "2096"]
[BlackElo "2308"]
[WhiteFideId "2114704"]
[BlackFideId "13412590"]
[EventDate "2025.06.10"]

1. d4 d5 2. Bf4 c5 3. e3 Nc6 4. c3 Nf6 5. Nd2 Bf5 6. Ngf3 Nh5 7. Be5 f6 8. Bg3
Nxg3 9. hxg3 e5 10. Bb5 Qc7 11. Qa4 Bd7 12. dxe5 fxe5 13. Qh4 Be7 14. Qh5+ g6
15. Qh6 O-O-O 16. O-O-O e4 17. Ng5 Rdf8 18. Rdf1 Ne5 19. Bxd7+ Qxd7 20. f3 Qb5
21. c4 Nd3+ 22. Kd1 Nxb2+ 23. Ke2 Nxc4 24. Rb1 Qa6 25. Ke1 Nxd2 26. Kxd2 Qd3+
27. Ke1 Qxe3+ 0-1

[Event "Titled Tue 10th Jun Early"]
[Site "chess.com INT"]
[Date "2025.06.10"]
[Round "2"]
[White "Kislinsky, Alexey"]
[Black "Topalov, Aleksandar"]
[Result "1-0"]
[WhiteTitle "GM"]
[BlackTitle "CM"]
[WhiteElo "2341"]
[BlackElo "2233"]
[WhiteFideId "14108801"]
[BlackFideId "925659"]
[EventDate "2025.06.10"]

1. e4 e6 2. d4 d5 3. e5 Ne7 4. c3 Qd7 5. Nf3 b6 6. Be3 Ba6 7. Be2 Bxe2 8. Qxe2
Nf5 9. Nbd2 c5 10. g4 Nxe3 11. fxe3 Be7 12. h4 Nc6 13. g5 O-O-O 14. a4 f6 15.
exf6 gxf6 16. a5 c4 17. axb6 axb6 18. b3 cxb3 19. Nxb3 Kc7 20. Kd2 Ra8 21. Rhb1
e5 22. gxf6 Bxf6 23. Ng5 h6 24. Nf3 e4 25. Ne1 Bxh4 26. Qh2+ Qd6 27. Qxh4 Rag8
28. Nc1 Rg6 29. Ne2 Rhg8 30. Nf4 Rg4 31. Qh5 R4g5 32. Qf7+ Ne7 33. Ra7+ 1-0

[Event "Titled Tue 10th Jun Early"]
[Site "chess.com INT"]
[Date "2025.06.10"]
[Round "2"]
[White "Ernst, Sipke"]
[Black "Maghsoodloo, Parham"]
[Result "0-1"]
[WhiteTitle "GM"]
[BlackTitle "GM"]
[WhiteElo "2518"]
[BlackElo "2691"]
[WhiteFideId "1004689"]
[BlackFideId "12539929"]
[EventDate "2025.06.10"]

1. d4 Nf6 2. c4 e6 3. g3 d5 4. Nf3 Bb4+ 5. Bd2 Be7 6. Bg2 O-O 7. O-O c6 8. Qc2
b6 9. Rc1 Ba6 10. b3 Nbd7 11. Bf4 Rc8 12. Nbd2 c5 13. dxc5 Bxc5 14. h3 b5 15.
Qb2 bxc4 16. bxc4 dxc4 17. e3 Nb6 18. Ne5 Na4 19. Qc2 c3 20. Ne4 Bb5 21. Nxf6+
Qxf6 22. Rab1 a6 23. Rxb5 axb5 24. Nd7 Qd8 25. Rd1 Nb2 26. Nxf8 Qxd1+ 27. Qxd1
Nxd1 0-1

[Event "Titled Tue 10th Jun Early"]
[Site "chess.com INT"]
[Date "2025.06.10"]
[Round "2"]
[White "Yeganegi, Barad"]
[Black "Hoeffer, David"]
[Result "0-1"]
[WhiteTitle "FM"]
[BlackTitle "FM"]
[WhiteElo "2400"]
[BlackElo "2295"]
[WhiteFideId "42516340"]
[BlackFideId "24606766"]
[EventDate "2025.06.10"]

1. c4 e5 2. g3 Nc6 3. Bg2 Bc5 4. Nc3 d6 5. e3 Bf5 6. Nge2 Bd3 7. b3 Nb4 8. Bb2
Bc2 9. d4 Bxd1 10. Rxd1 exd4 11. exd4 Bb6 12. O-O Ne7 13. Bxb7 Rb8 14. Bf3 O-O
15. Nf4 a5 16. d5 Ng6 17. Nh5 f6 18. Ne2 Re8 19. Nef4 Nxf4 20. Nxf4 Na6 21. Bh5
Re7 22. Ne6 Qd7 23. Bg4 Qe8 24. Kg2 Nc5 25. Nd4 Re4 26. Bf3 Rxd4 27. Bxd4 Nd7
28. Bc3 Ne5 29. Rfe1 Qg6 30. Be4 f5 31. Bc2 Ng4 32. Re7 Nxf2 33. Rf1 Ne4 34.
Rxg7+ Qxg7 35. Bxg7 Kxg7 36. Rxf5 Re8 37. Rf4 Nf6 38. Kf1 Re3 39. g4 h6 40. h4
Rg3 41. Bd1 Rg1+ 42. Ke2 Rxg4 43. Rxg4+ Nxg4 44. Kf3 Ne5+ 45. Ke4 Kf6 46. a3 Bf2
47. h5 Be1 48. Be2 Bc3 49. Bd1 Kg5 50. Be2 Nd7 51. Kd3 Bb2 52. b4 Bxa3 53. bxa5
Bc5 54. a6 Nb8 0-1

[Event "Titled Tue 10th Jun Early"]
[Site "chess.com INT"]
[Date "2025.06.10"]
[Round "2"]
[White "Bahmani, Koorosh"]
[Black "Masague Artero, Guerau"]
[Result "0-1"]
[WhiteTitle "CM"]
[BlackTitle "FM"]
[WhiteElo "2207"]
[BlackElo "2326"]
[WhiteFideId "42576750"]
[BlackFideId "32098952"]
[EventDate "2025.06.10"]

1. Nf3 d5 2. g3 c6 3. c4 dxc4 4. Bg2 Bf5 5. O-O Nd7 6. a4 e5 7. Na3 Be6 8. Qc2
Bxa3 9. bxa3 f6 10. Bb2 Ne7 11. Rfc1 O-O 12. Bf1 Nc5 13. Bc3 Nb3 14. Rcb1 Nxa1
15. Bxa1 Qd7 16. e3 b5 17. d3 cxd3 18. Bxd3 Bf5 19. Rd1 Bxd3 20. Rxd3 Qe6 21.
Rd1 Rfd8 22. Rc1 Qg4 23. Ne1 Qxa4 24. Qa2+ Kh8 25. Qf7 Rd1 26. Rxd1 Qxd1 27.
Qxe7 Qxe1+ 0-1

[Event "Titled Tue 10th Jun Early"]
[Site "chess.com INT"]
[Date "2025.06.10"]
[Round "2"]
[White "Cardozo Munar, Carlos Eduardo"]
[Black "Liu, Xiangyi"]
[Result "0-1"]
[WhiteTitle "FM"]
[BlackTitle "IM"]
[WhiteElo "2052"]
[BlackElo "2370"]
[WhiteFideId "4409477"]
[BlackFideId "8605718"]
[EventDate "2025.06.10"]

1. d4 Nf6 2. Bg5 Ne4 3. h4 d5 4. Nd2 Nd6 5. e3 c6 6. Bd3 Bf5 7. Qe2 Nd7 8. Ngf3
Qb6 9. O-O-O h6 10. Bf4 e6 11. e4 dxe4 12. Nxe4 Nxe4 13. Bxe4 Bxe4 14. Qxe4
O-O-O 15. Ne5 Nf6 16. Qe2 Bd6 17. Kb1 Qc7 18. g3 Rhf8 19. Rhe1 Nd5 20. Bc1 c5
21. dxc5 Bxe5 22. Qxe5 Qxe5 23. Rxe5 Nc3+ 24. bxc3 Rxd1 25. Kb2 Rd5 26. Re4 Rxc5
27. Be3 Rb5+ 28. Kc1 b6 29. a4 Ra5 30. g4 Rd8 31. g5 hxg5 32. hxg5 g6 33. Rf4
Rd7 34. Rh4 Kb7 35. Kb2 Ka6 36. Kb3 b5 37. axb5+ Rxb5+ 38. Ka2 Rdb7 39. Bc1 Kb6
40. f4 Kc6 41. Rh3 R7b6 42. Ba3 Ra5 43. c4 Ra4 44. Rc3 Rbb4 0-1